Click the Missing Vowel #3 - Statistics

General Stats
  • This quiz has been taken 47 times
  • The average score is 13 of 20
Answer Stats
Hint Answer % Correct
Flu_rescent o
85%
Pendul_m u
85%
Inhib_tion i
83%
Abund_nt a
80%
Re_nforce i
80%
Coinc_dence i
80%
Mal_volent e
74%
Unan_mous i
74%
Bur_aucracy e
72%
Viciss_tude i
67%
Stren_ous u
65%
C_maraderie a
63%
Av_rice a
61%
Deter_orate i
61%
Perf_rate o
61%
Phl_gmatic e
59%
H_gemony e
57%
_sophagus e
52%
Prom_lgate u
48%
Vit_perate u
26%
No matching quizzes found
Score Distribution
Percent of People with Each Score
Percentile by Number Answered
Your Score History
You have not taken this quiz